01044nam a2200289 k 4500001001300000005001500013008004100028020003500069040001900104041001300123049001700136056001600153090002300169100002800192245013800220246005100358260002800409300003000437500001800467500003300485546004100518653009100559700002200650740005100672900002000723950001100743KMO20260229220260519105311260514s2026 ulka 000a kor a9788965967934g03400 :c\22000 a146043c1460431 akorheng0 lEM0000048747 a511.181326 a511.1813b레57일1 a레슈차이너, 가이10a일곱 괴물이 사는 마음 :b과학으로 헤쳐 나가는 죄악의 세계 /d가이 레슈차이너 지음 ;e이한음 옮김19aSeven deadly sins:bthe biology of being human a서울 :b흐름,c2026 a391 p. :b삽화 ;c21 cm a주석 수록 a원저자명: Guy Leschziner a영어 원작을 한국어로 번역 a인문학a심리학a인지과학a감정a뇌과학a마음a인간본성a신경학1 a이한음,d1966-02a과학으로 헤쳐 나가는 죄악의 세계10aLeschziner, Guy0 b\22000 |
|---|